00840nam a22002537a 450000500170000001000110001702000220002803500110005003700160006104000120007708200150008910000240010424500830012826000380021127000130024930000230026250000200028565000280030565000210033370000300035494200240038499900190040895201590042720170124105954.0 a755600 c00.00a0443009988 a755600 bCen Lib/Ret aDPLbEN a617.8bHAL aHall, Simson914213 aDiseases of the nose, throat and ear /cby Simon Hall [and] Bernard H. Colman  aBritainbE & S Livingstone c1973 bBritain  ax, 468p.c16cm(Hb) aIncludes index  aMedical Science 914214 aDiseases 914215 aColman, Bernard H.914216 2ddccENh617.8mHAL c125405d125405 04104070aLbLd2015-06-20eCen Lib/Retg0.00l0o617.8 HALp755600r2015-06-20 00:00:00t1v0.00w2015-06-20yENzW/d List No. 6881/10 ; dtd 01/09/2020